الهيولية تصنع عامل جديدا / (Record no. 6605)
[ view plain ]
| 000 -الفاتح | |
|---|---|
| حقل البيانات ثابتة الطول | 00528nac a22001211u 4500 |
| 008 - عناصر البيانات ثابتة الطول - معلومات عامة | |
| حقل البيانات ثابتة الطول | 080812s2000 ua|||||| ||| 00| 0ara d |
| 082 ## - رقم تصنيف ديوى العشرى | |
| رقم التصنيف | 003 |
| رقم المادة | ج ل ا |
| 245 ## - بيان العنوان | |
| العنوان | الهيولية تصنع عامل جديدا / |
| بيان المسئوليه,etc | تأليف جيمس جلايك ; ترجمة علي يوسف علي |
| 260 ## - PUBLICATION, DISTRIBUTION, ETC. (IMPRINT) | |
| مكان الناشر او الموزع | القاهرة : |
| اسم الناشر او الموزع | المجلس الاعلي للثقافة ، 2000. |
| تاريخ النشر أو التوزيع | 2000. |
| 300 ## - الوصف المادى | |
| التعداد | 260 ص : |
| تفاصيل ماديه اخرى للوعاء | ا يض ؛ |
| أبعاد الوعاء | 24 سم |
| 500 ## - تبصرة عامة | |
| تبصرة عامة | ترجمة لكتاب " Chaos Making a New Science by James Gleick " |
| 942 ## - عناصر المدخل الإضافي( كوها) | |
| Koha [default] item type | Book - Borrowing |
| سابقة رقم الطلب | 003 ج ل ا |
| مصدر التصنيف او مخطط الترفيف | Dewey Decimal Classification |
| حالة التراجع | حالة الفقد | مصدر التصنيف او خطة الترفيف | حالة تلف | ليس للاعارة | مجموعات كوها | المكان الدائم | المكان الحالي | موقع الترفيف | تاريخ الاكتساب | Source of acquisition | رقم الاستدعاء | الباركود | Date last seen | مُعار | نوع الوعاء |
|---|---|---|---|---|---|---|---|---|---|---|---|---|---|---|---|
| Dewey Decimal Classification | Central Library | Central Library | Lower Floor | 10/07/2011 | 003 ج ل ا | 000008083 | 15/07/2025 | 11/05/2009 | Book - Borrowing |